000 01226cam a22003497a 4500
003 CHAP
005 20220329141525.0
008 971013s1989 r 00010 d
010 _a69536
011 _a70508
035 _a79989
040 _cCHAP
090 _aTesis
100 0 0 _aRuiz Muñoz, Miguel.
_9100743
245 0 _aVariación de caracteres juveniles de 42 familias de 2 procedencias de Pinus gregii Engelm., en tres tipos de sustrato
260 _aChapingo, Méx. :
_bEl autor,
_c1989
300 _a89 h.
_b: ilus., gráfs., mapas
502 _aTesis (Ing. Agrónomo Esp. en Bosques) -- UACH. División de Ciencias Forestales
590 _aALEPH
_b10
_c20130110
_lUCH01
_h1408
590 _aBATCH-UPD
_b10
_c20130110
_lUCH01
_h0010
590 _aBATCH-UPD
_b10
_c20130110
_lUCH01
_h1113
590 _aBATCH-UPD
_b10
_c20130409
_lUCH01
_h1946
590 _aBATCH-UPD
_b10
_c20130410
_lUCH01
_h0704
590 _aBATCH-UPD
_b10
_c20130914
_lUCH01
_h1913
590 _aCONVERSION
_b10
_c20130109
_lUCH01
_h1338
650 1 4 _aPináceas
_xCrecimiento.
_988225
650 1 4 _aPináceas
_xGerminación.
_988238
650 1 4 _aPinus.
_988318
901 _aBK
942 _cTESIS
949 _bBC
_cTES
_d-32881
_eTS1
_h22236
_i79989
_si
999 _c69536
_d69536